Transylvanian Review of Administrative Sciences
Gespeichert in:
| Format: | Schriftenreihe |
|---|---|
| Sprache: | Englisch |
| Veröffentlicht: |
Cluj-Napoca
Babes-Bolyai University
|
| Tags: |
Keine Tags, Fügen Sie das erste Tag hinzu!
|
MARC
| LEADER | 00000nas1a2200000 4500 | ||
|---|---|---|---|
| 001 | 0269994 | ||
| 005 | 20250701092121.4 | ||
| 022 | |a 2247-8310 | ||
| 022 | |a 1842-2845 | ||
| 041 | 0 | |a eng | |
| 044 | |a RO | ||
| 245 | 1 | 0 | |a Transylvanian Review of Administrative Sciences |
| 264 | 1 | |a Cluj-Napoca |b Babes-Bolyai University | |